Guest Editors’ Introduction

Gespeichert in:
Bibliographische Detailangaben
1. Verfasser: Baumöhl, Eduard, 1982-
Weitere Verfasser: Výrost, Tomáš, 1978-
Format: Buchkapitel
Sprache:Englisch
Tags: Tag hinzufügen
Keine Tags, Fügen Sie das erste Tag hinzu!

MARC

LEADER 00000naa a2200000 4500
001 0280316
005 20240417075148.7
041 0 |a eng 
044 |a CZ 
245 1 0 |a Guest Editors’ Introduction  |c Eduard Baumöhl, Tomáš Výrost 
100 1 |a Baumöhl, Eduard, 1982- 
700 1 |a Výrost, Tomáš, 1978-